Electricity and magnetism

Bibliographic Details
Main Author: Snedden, Robert
Format: Book
Published: London : Heinemann Library , 1999
Series:Smart Science
Subjects:

MARC

LEADER 00000cam a2200000 7i4500
001 0000006788
005 20151222.0
008 070821
020 |a 0431037221 
090 0 0 |a SC   |b ENG 
100 1 |a Snedden, Robert 
245 1 0 |a Electricity and magnetism   |c Robert Snedden 
260 |a London :   |b Heinemann Library ,   |c 1999 
440 |a Smart Science 
500 |a Children ages 10-12 years old (pink) 
650 0 |a Electricity   |x Juvenile literature 
650 0 |a Junior fiction   |x English   |x Languages 
650 0 |a Magnetism   |x Juvenile literature 
999 |a 0000986978   |b Book   |c Children Collection   |e Cawangan Bandar Tenggara